000 01085nam2a22002531 4500
001 RU\NLR\INFOCOMM18\1000229557
005 20250617022626.0
035 _a(NLR Aleph) 002378589
090 _a4594428
_c4594428
100 _a20041205d1881 |||y0rusy50 ca
101 0 _arus
102 _aRU
105 _ay |||||||||
200 1 _aДвижение населения в Европейской России за 1871 год
210 _d1881
_aБ. м.
461 0 _1001RU\NLR\INFOCOMM18\1000229536
_12001#$aСтатистический временник Российской империи$vСер. 2, вып. 17
_94594371
_cС.-Петербург
_d1866 - 1890
_nЦентральный статистический комитет Министерства внутренних дел
_tСтатистический временник Российской империи
_vСер. 2, вып. 17
801 1 _aRU
_bInfoComm
_c20041205
801 0 _aRU
_bNLR
_gPSBO
852 _aNLR
_j18.220.3.2
852 _aNLR
_j132/147
942 _cISSUE
980 _aNB
980 _aRUSPER